Organizačná podoba a funkcie controllingu v konkrétnom podniku diplomová práca

Gespeichert in:
Bibliographische Detailangaben
1. Verfasser: Ildžová, Karina
Körperschaft: Podnikovohospodárska fakulta EU so sídlom v Košiciach. Katedra finančného riadenia podniku
Weitere Verfasser: Freňáková, Magdaléna, 1981-
Format: Buch
Sprache:Slowakisch
Veröffentlicht: Košice 2018
Tags: Tag hinzufügen
Keine Tags, Fügen Sie das erste Tag hinzu!

MARC

LEADER 00000nbm a2200000 4500
001 0244081
005 20181019145751.8
041 0 |a slo 
044 |a SK 
245 1 0 |a Organizačná podoba a funkcie controllingu v konkrétnom podniku  |b diplomová práca  |c Karina Ildžová ; školiteľ: Magdaléna Freňáková 
264 1 |a Košice  |c 2018 
300 |a 81 s. 
100 1 |a Ildžová, Karina 
700 1 |a Freňáková, Magdaléna, 1981- 
710 2 |a Podnikovohospodárska fakulta EU so sídlom v Košiciach. Katedra finančného riadenia podniku